Word Ladder: Christmas Crooner Quiz Stats

 Plays Quiz Updated Dec 26, 2012

     
Support Sporcle.
Go Orange.
Score 0/20 Timer 02:00
1 Play Today
Clue 4-Letter Word % Correct
Jones or Jagger, e.g.MICK
91.3%
Heat water to 100 degreesBOIL
88.4%
'White Christmas' singer CrosbyBING
86.1%
Not quite a fogMIST
85.4%
★ Stocking stuffer for naughty kids ★★ COAL ★
83.5%
Price to payCOST
83.5%
Wound up wireCOIL
82.6%
Weasel-like creatureMINK
82.2%
More than 50%MOST
82.2%
Layer of paintCOAT
80.3%
Clue 4-Letter Word % Correct
Try for a goalKICK
79.2%
To tie securely, or a tough situationBIND
75.9%
Skyfall protagonistBOND
74.2%
★ Small biting fly ★★ GNAT ★
70.6%
Make change?MINT
69.6%
Fearless and daringBOLD
68%
★ Lear, Richard III, or Henry V, e.g. ★★ KING ★
67.9%
A bit of cottonBOLL
64.1%
What a kid grows up to be?GOAT
62%
Member of 'You Really Got Me' bandKINK
61%

Today's Daily Dose

From the Vault

NHL Goalie Wins

by Ben

Sports 5m
This is a list of the most famous guys ever to wear a hockey mask...with the exception of Jason from Friday the 13th.
Remove Ads.
Support Sporcle.
Get the best of Sporcle when you Go Orange. This ad-free experience offers more features, more stats, and more fun while also helping to support Sporcle. Thank you for becoming a member.

Show Comments

Extras

Top Quizzes Today


Score Distribution

Your Account Isn't Verified!

In order to create a playlist on Sporcle, you need to verify the email address you used during registration. Go to your Sporcle Settings to finish the process.

Report this User

Report this user for behavior that violates our Community Guidelines.

Details: